Modern Languages Across the Curriculum (Record no. 26647)
[ view plain ]
| 000 -LEADER | |
|---|---|
| fixed length control field | 00681nam a2200121Ia 4500 |
| 008 - FIXED-LENGTH DATA ELEMENTS--GENERAL INFORMATION | |
| fixed length control field | 220620s9999||||xx |||||||||||||| ||und|| |
| 245 #0 - TITLE STATEMENT | |
| Title | Modern Languages Across the Curriculum |
| 546 ## - LANGUAGE NOTE | |
| Language note | English[eng] |
| 650 ## - SUBJECT ADDED ENTRY--TOPICAL TERM | |
| Topical term or geographic name entry element | communicative||teaching||integrated||learning||foreign||clil||teacher||target||class||education||Arthur van Essen||Claude Springer||Piet Van de Craen||Dieter Wolff||David Marsh||Carmel Mary Coonan||Carmen Pérez-Vidal||Cheryl Hardy||Kim Brown||Shirley Dobson||Rosanna Raimato||Glenn Ole Hellekjaer||Aud Marit Simensen||Melanie Valet |
| 700 ## - ADDED ENTRY--PERSONAL NAME | |
| Personal name | Grenfell, Michael |
| 856 ## - ELECTRONIC LOCATION AND ACCESS | |
| Uniform Resource Identifier | <a href="https://library.oapen.org/bitstream/20.500.12657/24180/1/1005951.pdf">https://library.oapen.org/bitstream/20.500.12657/24180/1/1005951.pdf</a> |
| 942 ## - ADDED ENTRY ELEMENTS (KOHA) | |
| Koha item type | E-Books |
| Withdrawn status | Lost status | Damaged status | Not for loan | Home library | Current library | Date acquired | Total Checkouts | Date last seen | Price effective from | Koha item type |
|---|---|---|---|---|---|---|---|---|---|---|
| Kerala University of Digital Sciences, Innovation and Technology Knowledge Centre | Kerala University of Digital Sciences, Innovation and Technology Knowledge Centre | 20/06/2022 | 20/06/2022 | 20/06/2022 | E-Books |